Vista normal Vista MARC

Entrada Materia (geográfica)

Número de registros utilizados en: 1

001 - CONTROL NUMBER

  • control field: 150545

003 - CONTROL NUMBER IDENTIFIER

  • control field: Co-BoUCM

005 - DATE AND TIME OF LATEST TRANSACTION

  • control field: 20211028084150.0

008 - FIXED-LENGTH DATA ELEMENTS

  • fixed length control field: 211028|| aca||aabn | a|a d

040 ## - CATALOGING SOURCE

  • Original cataloging agency: Co-BoUCM
  • Transcribing agency: Co-BoUCM

151 ## - HEADING--GEOGRAPHIC NAME

  • Geographic name: Roma (Italia)
  • General subdivision: Historia
  • Form subdivision: Relatos personales

670 ## - SOURCE DATA FOUND

  • Source citation: Work cat.: (Co-BoUCM)87515: Ferrero, Guglielmo 1871-1942 71704, Ancient Rome and Modern America A comparative study of morals and manners, 1914